Normal view
MARC view
Entry Geographic Name
001 - CONTROL NUMBER
- control field: 94
003 - CONTROL NUMBER IDENTIFIER
- control field: OSt
005 - DATE AND TIME OF LATEST TRANSACTION
- control field: 20140630134404.0
008 - FIXED-LENGTH DATA ELEMENTS
- fixed length control field: 140630|| aca||aabn | a|a d
040 ## - CATALOGING SOURCE
- Original cataloging agency: OSt
- Transcribing agency: OSt
151 ## - HEADING--GEOGRAPHIC NAME
- Geographic name: Engineering
670 ## - SOURCE DATA FOUND
- Source citation: Work cat.: (OSt): Nise,Norman S 93, Control system engineering /, 2009
